The Comedians (Запис № 282941)

МАРК-запис
000 -Лідер
fixed length control field 01265nam a22002537a 4500
001 - Контрольний номер
control field 2162214035926739
003 - Ідентифікатор контрольного номера
control field UA-OsUOA
005 - Дата та час останнього входження (трансакції)
control field 20260427163527.0
008 - Елементи даних фіксованої довжини – загальна інформація
fixed length control field 260427b -uk||||| |||| 00| fdeng d
020 ## - Міжнародний стандартний книжковий номер (ISBN)
Міжнародний стандартний книжковий номер (ISBN) (НП) 9780140027662
040 ## - Джерело каталогізації
Агенція оригінальної каталогізації UA-OsUOA
Мова каталогізації eng
Агенція, яка здійснювала перезапис UA-OsUOA
Агенція, яка здійснювала модифікацію UA-OsUOA
041 ## - Код мови
Код мови тексту/ звукової доріжки чи окремого заголовка (П) eng
080 ## - Індекс Універсальної десяткової класифікації
Індекс Універсальної десяткової класифікації (УДК) (НП) 821.111
090 ## - Локальний шифр розміщення
Класифікаційний індекс УДК 821.111
Авторський знак (НП) G78
100 ## - Основне введення – ім’я особи
Ім’я особи (НП) Greene G.
9 (RLIN) 25100
245 ## - Відомості про назву
Назва (НП) The Comedians
Дані про відповідальність (НП) Graham Greene
260 ## - Публікація, розповсюдження і т.п. (Вихідні дані)
Місце публікації, розповсюдження і т.п. (П) London
-- New York
Ім’я/ наймення видавництва, розповсюджувача і т.п. (П) Penguin Books
Дата публікації, розповсюдження і т.п. (П) 1976
300 ## - Фізичний опис
Обсяг 287 p.
520 ## - Резюме і т.п.
Резюме, реферат, анотація, тощо (НП) The novel is a dark, gripping study of people caught in a nightmare of corruption and violence, forcing them to decide whether to remain "actors" in a tragic comedy or face the grim reality of revolution.<br/>The story follows three men, nicknamed "the comedians," who meet on a ship bound for Port-au-Prince:<br/>Brown: A cynical hotel owner struggling to reclaim his property and his mistress.<br/>Smith: An idealistic American vegetarian running for a "painless" political cause.<br/>Jones: A mysterious con artist claiming to be a war hero.
650 ## - Додаткове предметне введення – тематичний термін
Тематичний термін чи географічна назва, як елемент введення (НП) 821 Художня література окремими мовами і мовними сім'ями
9 (RLIN) 17
942 ## - Додаткові елементи входу (Коха)
Тип елемента Koha Книги
Source of classification or shelving scheme Universal Decimal Classification
955 ## - Код типу видання за змістом
Код типу видання за змістом (НП) Літературно-художні видання
Фонди
Стан вилучень Стан втрат Джерело класифікації або схеми стелажів Стан уражень Не для кредиту Постійне місце розташування Поточне розміщення Дата придбання Вартість, звичайна ціна покупки Інвентарний номер Усього замовленно Повний номер виклику Штрих-код Дата останнього перегляду Вартість, ціна заміни Ціна ефективна від Тип елемента Koha
    Universal Decimal Classification     ВІЛ - Відділ іноземн. літератури НБ ВІЛ - Відділ іноземн. літератури НБ 31/10/2005 40.00 210931   821.111 G78 210931 29/01/2019 40.00 31/10/2005 Книги
    Universal Decimal Classification     ВІЛ - Відділ іноземн. літератури НБ ВІЛ - Відділ іноземн. літератури НБ 18/09/2007 40.00 212607   821.111 G78 212607 29/01/2019 40.00 18/09/2007 Книги
    Universal Decimal Classification     ВІЛ - Відділ іноземн. літератури НБ ВІЛ - Відділ іноземн. літератури НБ 27/04/2026 40.00 201349   821.111 G78 201349 27/04/2026 40.00 27/04/2026 Книги